|
|
|
|
| LEADER |
00901nam a2200253 a 4500 |
| 001 |
000094185 |
| 003 |
CZ BrMZK |
| 005 |
19950407143423.0 |
| 008 |
960707s1996 xr f cze d |
| 020 |
|
|
|a 80-85796-10-4
|
| 040 |
|
|
|a BOA001
|b cze
|
| 080 |
|
|
|a 885.0-93-1:084.1(02.053.2)
|2 MRF
|
| 080 |
|
|
|a 885.0-93-193
|2 MRF
|
| 100 |
1 |
|
|a Balík, Jindřich,
|d 1928-2016
|7 jk01010692
|4 aut
|
| 245 |
1 |
0 |
|a Básničky a obrázky /
|c Jindřich Balík ; [Ilustrace Jana Braná]
|
| 246 |
3 |
3 |
|a Básničky a obrázky pro malé čtenáře
|
| 250 |
|
|
|a 1. vyd.
|
| 260 |
|
|
|a Brno :
|b Schneider,
|c 1996
|
| 300 |
|
|
|a [36] s. :
|b il. ;
|c 21 cm
|
| 500 |
|
|
|a V tir. náz.: Básničky a obrázky pro malé čtenáře
|
| 700 |
1 |
|
|a Braná, Jana,
|d 1951-
|7 mzk2004148514
|4 ill
|
| 910 |
|
|
|a BOA001
|b PK-0125.978
|
| 990 |
|
|
|a BK
|
| 996 |
7 |
|
|b 3119005105
|c PK-0125.978
|l MZK
|r Sklad / do 1 hodiny
|n 5
|p kup
|w 000094185
|u 000010
|a 1
|e BOA001
|j MZK50
|s A
|